Controlling tropical deforestation

Bibliographic Details
Main Author: GRAINGER
Format: Book
Published: London : Earthscan , 1993
Subjects:

MARC

LEADER 00000cam a2200000 7i4500
001 0000002117
005 20021107.0
020 0 0 |a 1853831425 
090 0 0 |a 333.751370913   |b GRA 1993 
100 1 0 |a GRAINGER   |h Alan 
245 1 0 |a Controlling tropical deforestation   |c Alan Grainger 
260 0 0 |a London :   |b Earthscan ,   |c 1993 
300 |a 310 p. :   |b ill., maps ;   |c 23 cm. 
500 0 1 |a Includes bibliography : (p. 269-293) and index 
650 0 0 |a Deforestation   |x Control   |z Tropics 
650 0 0 |a Forest policy   |z Tropics 
650 0 0 |a Rain forest conservation 
998 |a JPSM 
999 |a 0000003524   |b Monograph   |c Open Shelf   |e Default branch